Rural development in india (Record no. 1425)

MARC details
000 -LEADER
fixed length control field 00498cam a2200193ua 4500
001 - CONTROL NUMBER
control field 1537
005 - DATE AND TIME OF LATEST TRANSACTION
control field 20260515113340.0
008 - FIXED-LENGTH DATA ELEMENTS--GENERAL INFORMATION
fixed length control field 110711n ii |||gr||||Z||||||eng
040 ## - CATALOGING SOURCE
Transcribing agency MAIN
082 ## - DEWEY DECIMAL CLASSIFICATION NUMBER
Classification number 343.07450954
100 1# - MAIN ENTRY--PERSONAL NAME
Personal name Mathew, T,
Relator term Author.
245 1# - TITLE STATEMENT
Title Rural development in india
Statement of responsibility, etc. by T. Mathew
250 ## - EDITION STATEMENT
Edition statement 1st.
260 ## - PUBLICATION, DISTRIBUTION, ETC.
Place of publication, distribution, etc. New Delhi:
Name of publisher, distributor, etc. Agricole Publishing Academy,981.
300 ## - PHYSICAL DESCRIPTION
Extent 199p:
Other physical details ill;
Dimensions 23cm.
653 ## - INDEX TERM--UNCONTROLLED
Uncontrolled term Economics
653 ## - INDEX TERM--UNCONTROLLED
Uncontrolled term Rural development in india
942 ## - ADDED ENTRY ELEMENTS (KOHA)
Koha item type Books
Holdings
Withdrawn status Lost status Damaged status Not for loan Home library Current library Shelving location Date acquired Total checkouts Full call number Barcode Date last seen Copy number Price effective from Koha item type
        Naharkatiya College Library Naharkatiya College Library General stacks 09/19/2020   343.07450954 | MAT 1858 09/19/2020 1 09/19/2020 Books